[Event "DVM U12 2022"]
[Site "München GER"]
[Date "2022.12.29"]
[Round "5"]
[White "Ollhoff, Hannes"]
[Black "Braun, Julian"]
[Result "0-1"]
[Termination "normal"]
[Board "2.2"]
[WhiteElo "1247"]
[BlackElo "1683"]
[WhiteClock "00:25:17"]
[BlackClock "00:31:59"]
[WhiteTeam "TSG Oberschöneweide"]
[BlackTeam "Hamburger SK von 1830"]
[PlyCount "82"]
[WhiteFideId "16266927"]
[BlackFideId "16289293"]
[EventCountry "GER"]
[EventRounds "7"]
[EventType "team-swiss"]
[EventDate "2022.12.26"]

1. d4 {[%clk 01:30:55]} {[%emt 00:00:04]} Nf6 {[%clk 01:30:59]} {[%emt
00:00:01]} 2. c4 {[%clk 01:31:12]} {[%emt 00:00:13]} e6 {[%clk 01:31:28]}
{[%emt 00:00:02]} 3. Nc3 {[%clk 01:31:27]} {[%emt 00:00:14]} Bb4 {[%clk
01:31:57]} {[%emt 00:00:02]} 4. Qc2 {[%clk 01:31:32]} {[%emt 00:00:25]} O-O
{[%clk 01:32:24]} {[%emt 00:00:03]} 5. a3 {[%clk 01:31:21]} {[%emt 00:00:41]}
Bxc3 {[%clk 01:32:53]} {[%emt 00:00:02]} 6. Qxc3 {[%clk 01:31:34]} {[%emt
00:00:16]} d5 {[%clk 01:33:22]} {[%emt 00:00:02]} 7. Bg5 {[%clk 01:30:44]}
{[%emt 00:01:20]} c5 {[%clk 01:33:35]} {[%emt 00:00:17]} 8. cxd5 {[%clk
01:25:13]} {[%emt 00:06:01]} cxd4 {[%clk 01:28:28]} {[%emt 00:05:37]} 9. Qxd4
{[%clk 01:22:47]} {[%emt 00:02:56]} Nc6 {[%clk 01:25:09]} {[%emt 00:03:49]} 10.
Qc3 {[%clk 01:14:59]} {[%emt 00:08:17]} Qxd5 {[%clk 01:14:04]} {[%emt
00:11:35]} 11. Bxf6 {[%clk 01:04:35]} {[%emt 00:10:54]} gxf6 {[%clk 01:14:12]}
{[%emt 00:00:23]} 12. Nf3 {[%clk 01:04:13]} {[%emt 00:00:51]} e5 {[%clk
01:12:06]} {[%emt 00:02:37]} 13. Rd1 {[%clk 00:59:08]} {[%emt 00:05:34]} Qe6
{[%clk 01:08:55]} {[%emt 00:03:41]} 14. e3 {[%clk 00:55:48]} {[%emt 00:03:50]}
Kh8 {[%clk 01:05:33]} {[%emt 00:03:52]} 15. Bc4 {[%clk 00:48:48]} {[%emt
00:07:30]} Qg4 {[%clk 01:05:14]} {[%emt 00:00:50]} 16. Rg1 {[%clk 00:45:21]}
{[%emt 00:03:56]} Rb8 {[%clk 00:56:07]} {[%emt 00:09:38]} 17. Bb5 {[%clk
00:37:57]} {[%emt 00:07:52]} Qg7 {[%clk 00:49:22]} {[%emt 00:07:17]} 18. b4
{[%clk 00:25:16]} {[%emt 00:13:10]} a6 {[%clk 00:47:40]} {[%emt 00:02:12]} 19.
Ba4 {[%clk 00:22:19]} {[%emt 00:03:25]} b5 {[%clk 00:43:59]} {[%emt 00:04:13]}
20. Bc2 {[%clk 00:19:08]} {[%emt 00:03:41]} Bb7 {[%clk 00:42:43]} {[%emt
00:01:47]} 21. Ke2 {[%clk 00:16:44]} {[%emt 00:02:54]} Rbc8 {[%clk 00:41:25]}
{[%emt 00:01:47]} 22. Qb3 {[%clk 00:14:37]} {[%emt 00:02:38]} Ne7 {[%clk
00:35:37]} {[%emt 00:06:19]} 23. e4 {[%clk 00:11:27]} {[%emt 00:03:40]} Rc7
{[%clk 00:30:35]} {[%emt 00:05:32]} 24. Qb1 {[%clk 00:08:46]} {[%emt 00:03:11]}
Rfc8 {[%clk 00:28:23]} {[%emt 00:02:41]} 25. Rd2 {[%clk 00:07:42]} {[%emt
00:01:35]} Ng6 {[%clk 00:25:41]} {[%emt 00:03:13]} 26. g3 {[%clk 00:05:55]}
{[%emt 00:02:17]} Nf8 {[%clk 00:25:01]} {[%emt 00:01:10]} 27. h3 {[%clk
00:02:00]} {[%emt 00:04:26]} Ne6 {[%clk 00:23:33]} {[%emt 00:01:57]} 28. Bb3
{[%clk 00:00:59]} {[%emt 00:01:31]} a5 {[%clk 00:12:46]} {[%emt 00:11:17]} 29.
Bxe6 {[%clk 00:00:53]} {[%emt 00:00:36]} fxe6 {[%clk 00:13:11]} {[%emt
00:00:05]} 30. Re1 {[%clk 00:00:44]} {[%emt 00:00:39]} a4 {[%clk 00:12:02]}
{[%emt 00:01:39]} 31. Kf1 {[%clk 00:00:58]} {[%emt 00:00:15]} Rc4 {[%clk
00:11:20]} {[%emt 00:01:13]} 32. Kg2 {[%clk 00:00:42]} {[%emt 00:00:47]} Rc3
{[%clk 00:10:25]} {[%emt 00:01:24]} 33. Qa2 {[%clk 00:00:41]} {[%emt 00:00:32]}
Qc7 {[%clk 00:09:29]} {[%emt 00:01:25]} 34. Rde2 {[%clk 00:00:39]} {[%emt
00:00:33]} Qb6 {[%clk 00:08:55]} {[%emt 00:01:03]} 35. Re3 {[%clk 00:00:38]}
{[%emt 00:00:31]} Rc2 {[%clk 00:08:48]} {[%emt 00:00:37]} 36. Qa1 {[%clk
00:00:53]} {[%emt 00:00:16]} Bxe4 {[%clk 00:08:27]} {[%emt 00:00:50]} 37. Kg1
{[%clk 00:00:36]} {[%emt 00:00:47]} Bxf3 {[%clk 00:06:03]} {[%emt 00:02:54]}
38. Rxf3 {[%clk 00:00:58]} {[%emt 00:00:08]} Kg7 {[%clk 00:06:00]} {[%emt
00:00:32]} 39. Qb1 {[%clk 00:00:38]} {[%emt 00:00:51]} R8c3 {[%clk 00:04:58]}
{[%emt 00:01:32]} 40. Qd1 {[%clk 00:00:38]} {[%emt 00:00:30]} Qd4 {[%clk
00:01:59]} {[%emt 00:03:29]} 41. Rxc3 {[%clk 00:25:17]} {[%emt 00:05:51]} Qxf2
{[%clk 00:31:59]} {[%emt 00:00:28]} 0-1

[Event "DVM U12 2022"]
[Site "München GER"]
[Date "2022.12.29"]
[Round "5"]
[White "Haertel, Leon"]
[Black "Schriefer, Leo Hans"]
[Result "1/2-1/2"]
[Termination "normal"]
[Board "2.3"]
[WhiteElo "1265"]
[BlackElo "1048"]
[WhiteClock "00:17:18"]
[BlackClock "00:22:50"]
[WhiteTeam "Hamburger SK von 1830"]
[BlackTeam "TSG Oberschöneweide"]
[PlyCount "72"]
[WhiteFideId "34623736"]
[BlackFideId "16266935"]
[EventCountry "GER"]
[EventRounds "7"]
[EventType "team-swiss"]
[EventDate "2022.12.26"]

1. d4 {[%clk 01:30:59]} d5 {[%clk 01:31:00]} 2. c4 {[%clk 01:31:22]} {[%emt
00:00:07]} e6 {[%clk 01:31:27]} {[%emt 00:00:01]} 3. Nc3 {[%clk 01:31:48]}
{[%emt 00:00:05]} Nf6 {[%clk 01:30:53]} {[%emt 00:01:04]} 4. cxd5 {[%clk
01:32:07]} {[%emt 00:00:11]} exd5 {[%clk 01:31:17]} {[%emt 00:00:06]} 5. Bg5
{[%clk 01:32:13]} {[%emt 00:00:23]} Nbd7 {[%clk 01:31:25]} {[%emt 00:00:22]} 6.
e3 {[%clk 01:32:18]} {[%emt 00:00:26]} c6 {[%clk 01:31:48]} {[%emt 00:00:07]}
7. Bd3 {[%clk 01:32:20]} {[%emt 00:00:28]} Be7 {[%clk 01:32:00]} {[%emt
00:00:19]} 8. Qc2 {[%clk 01:32:30]} {[%emt 00:00:20]} O-O {[%clk 01:32:07]}
{[%emt 00:00:23]} 9. Nf3 {[%clk 01:32:32]} {[%emt 00:00:27]} Re8 {[%clk
01:31:46]} {[%emt 00:00:50]} 10. O-O {[%clk 01:32:33]} {[%emt 00:00:30]} h6
{[%clk 01:31:48]} {[%emt 00:00:28]} 11. Bh4 {[%clk 01:32:30]} {[%emt 00:00:33]}
Nh5 {[%clk 01:24:15]} {[%emt 00:08:00]} 12. Bxe7 {[%emt 00:09:06]} Qxe7 {[%clk
01:21:52]} {[%emt 00:01:34]} 13. Rab1 {[%clk 01:24:27]} {[%emt 00:01:20]} a5
{[%clk 01:16:44]} {[%emt 00:05:38]} 14. a4 {[%clk 01:13:59]} {[%emt 00:10:58]}
Nhf6 {[%clk 01:15:40]} {[%emt 00:01:32]} 15. Nd2 {[%clk 01:09:21]} {[%emt
00:05:10]} Rd8 {[%clk 01:10:02]} {[%emt 00:06:07]} 16. Rfe1 {[%clk 01:04:11]}
{[%emt 00:05:40]} Qd6 {[%clk 01:08:10]} {[%emt 00:02:24]} 17. Rbd1 {[%clk
00:58:28]} {[%emt 00:06:13]} Nf8 {[%clk 01:06:31]} {[%emt 00:02:08]} 18. h3
{[%clk 00:41:45]} {[%emt 00:17:13]} Be6 {[%clk 01:03:58]} {[%emt 00:03:01]} 19.
Nf3 {[%clk 00:41:31]} {[%emt 00:00:46]} Rac8 {[%clk 00:59:19]} {[%emt
00:05:09]} 20. e4 {[%emt 00:03:14]} dxe4 {[%clk 00:58:46]} {[%emt 00:00:02]}
21. Nxe4 {[%clk 00:39:11]} {[%emt 00:01:08]} Nxe4 {[%clk 00:58:58]} {[%emt
00:00:19]} 22. Bxe4 {[%clk 00:39:25]} {[%emt 00:00:15]} Bd5 {[%clk 00:57:51]}
{[%emt 00:01:22]} 23. Bxd5 {[%clk 00:38:25]} {[%emt 00:01:47]} cxd5 {[%clk
00:56:48]} {[%emt 00:01:32]} 24. Qb3 {[%clk 00:38:14]} {[%emt 00:00:41]} Rc7
{[%clk 00:52:12]} {[%emt 00:05:07]} 25. Ne5 {[%clk 00:35:33]} {[%emt 00:03:10]}
Nd7 {[%clk 00:49:44]} {[%emt 00:02:58]} 26. Nxd7 {[%clk 00:34:53]} {[%emt
00:01:08]} Qxd7 {[%clk 00:49:37]} {[%emt 00:00:39]} 27. Qb6 {[%clk 00:29:58]}
{[%emt 00:05:22]} Rc6 {[%clk 00:47:21]} {[%emt 00:02:22]} 28. Qxa5 {[%clk
00:30:11]} {[%emt 00:00:45]} Ra6 {[%clk 00:47:33]} {[%emt 00:00:19]} 29. Qc5
{[%clk 00:29:45]} {[%emt 00:00:49]} Rxa4 {[%clk 00:45:21]} {[%emt 00:02:49]}
30. Qc3 {[%clk 00:22:58]} {[%emt 00:07:12]} Rc4 {[%clk 00:42:28]} {[%emt
00:03:27]} 31. Qd3 {[%clk 00:20:45]} {[%emt 00:02:40]} Rdc8 {[%clk 00:38:47]}
{[%emt 00:04:09]} 32. Re2 {[%clk 00:20:25]} {[%emt 00:00:56]} Qd6 {[%clk
00:37:40]} {[%emt 00:01:33]} 33. Rde1 {[%clk 00:19:30]} {[%emt 00:01:27]} Rc1
{[%clk 00:26:13]} {[%emt 00:11:27]} 34. Re8 {[%clk 00:17:25]} {[%emt 00:03:06]}
Rxe8 {[%clk 00:26:10]} {[%emt 00:00:33]} 35. Rxc1 {[%clk 00:17:52]} {[%emt
00:00:04]} Qf4 {[%clk 00:24:39]} {[%emt 00:01:54]} 36. Rd1 {[%clk 00:17:18]}
{[%emt 00:01:08]} Qc7 {[%clk 00:22:50]} {[%emt 00:02:11]} 1/2-1/2

[Event "DVM U12 2022"]
[Site "München GER"]
[Date "2022.12.29"]
[Round "5"]
[White "Schucht, Adrian"]
[Black "Heil, Felix"]
[Result "1/2-1/2"]
[Termination "normal"]
[Board "2.4"]
[WhiteElo "1235"]
[BlackElo "1395"]
[WhiteClock "00:57:22"]
[BlackClock "01:03:40"]
[WhiteTeam "TSG Oberschöneweide"]
[BlackTeam "Hamburger SK von 1830"]
[PlyCount "75"]
[WhiteFideId "34605061"]
[BlackFideId "34604901"]
[EventCountry "GER"]
[EventRounds "7"]
[EventType "team-swiss"]
[EventDate "2022.12.26"]

1. e4 {[%clk 01:30:59]} {[%emt 00:00:01]} e5 {[%clk 01:30:51]} {[%emt
00:00:09]} 2. Nf3 {[%clk 01:31:25]} {[%emt 00:00:04]} Nc6 {[%clk 01:31:00]}
{[%emt 00:00:22]} 3. d4 {[%clk 01:31:50]} {[%emt 00:00:05]} exd4 {[%clk
01:31:17]} {[%emt 00:00:12]} 4. Nxd4 {[%clk 01:32:13]} {[%emt 00:00:06]} Bc5
{[%clk 01:31:36]} {[%emt 00:00:11]} 5. Be3 {[%clk 01:32:36]} {[%emt 00:00:07]}
Qf6 {[%clk 01:32:00]} {[%emt 00:00:06]} 6. c3 {[%clk 01:32:58]} {[%emt
00:00:08]} Bb6 {[%clk 01:31:20]} {[%emt 00:01:10]} 7. Be2 {[%clk 01:32:30]}
{[%emt 00:00:58]} Nge7 {[%clk 01:31:33]} {[%emt 00:00:17]} 8. O-O {[%clk
01:32:47]} {[%emt 00:00:13]} O-O {[%clk 01:31:55]} {[%emt 00:00:08]} 9. f4
{[%clk 01:31:39]} {[%emt 00:01:38]} d6 {[%clk 01:31:18]} {[%emt 00:01:06]} 10.
Kh1 {[%clk 01:30:43]} {[%emt 00:01:28]} Nxd4 {[%clk 01:20:58]} {[%emt
00:10:50]} 11. Bxd4 {[%clk 01:26:36]} {[%emt 00:04:37]} Bxd4 {[%clk 01:20:46]}
{[%emt 00:00:42]} 12. Qxd4 {[%clk 01:26:24]} {[%emt 00:00:41]} Qxd4 {[%clk
01:20:54]} {[%emt 00:00:22]} 13. cxd4 {[%clk 01:26:47]} {[%emt 00:00:07]} Nc6
{[%clk 01:21:10]} {[%emt 00:00:15]} 14. d5 {[%clk 01:26:05]} {[%emt 00:01:12]}
Re8 {[%clk 01:20:34]} {[%emt 00:01:04]} 15. Nc3 {[%clk 01:25:57]} {[%emt
00:00:38]} Nd4 {[%clk 01:20:52]} {[%emt 00:00:13]} 16. Bd3 {[%clk 01:24:04]}
{[%emt 00:02:22]} f5 {[%clk 01:18:49]} {[%emt 00:02:33]} 17. Rad1 {[%clk
01:16:57]} {[%emt 00:07:37]} fxe4 {[%clk 01:16:54]} {[%emt 00:02:26]} 18. Bxe4
{[%clk 01:17:06]} {[%emt 00:00:20]} Nf5 {[%clk 01:16:58]} {[%emt 00:00:26]} 19.
Rfe1 {[%clk 01:17:14]} {[%emt 00:00:23]} Bd7 {[%clk 01:16:47]} {[%emt
00:00:41]} 20. Bxf5 {[%clk 01:16:41]} {[%emt 00:01:03]} Bxf5 {[%clk 01:17:02]}
{[%emt 00:00:15]} 21. Nb5 {[%clk 01:15:27]} {[%emt 00:01:43]} Rac8 {[%clk
01:06:08]} {[%emt 00:11:25]} 22. Nxa7 {[%clk 01:11:59]} {[%emt 00:03:58]} Rxe1
{[%clk 01:05:37]} {[%emt 00:01:01]} 23. Rxe1 {[%clk 01:12:12]} {[%emt
00:00:17]} Ra8 {[%clk 01:05:56]} {[%emt 00:00:11]} 24. Nb5 {[%clk 01:12:25]}
{[%emt 00:00:18]} Rxa2 {[%clk 01:06:12]} {[%emt 00:00:14]} 25. Nxc7 {[%clk
01:11:46]} {[%emt 00:01:08]} Rxb2 {[%clk 01:06:29]} {[%emt 00:00:13]} 26. Ne6
{[%clk 01:10:58]} {[%emt 00:01:18]} Bxe6 {[%clk 01:06:36]} {[%emt 00:00:24]}
27. dxe6 {[%clk 01:11:23]} {[%emt 00:00:05]} Kf8 {[%clk 01:06:35]} {[%emt
00:00:31]} 28. f5 {[%clk 01:11:26]} {[%emt 00:00:28]} Ke7 {[%clk 01:06:50]}
{[%emt 00:00:15]} 29. g4 {[%clk 01:11:20]} {[%emt 00:00:36]} Rc2 {[%clk
01:04:16]} {[%emt 00:03:04]} 30. Re4 {[%clk 00:58:46]} {[%emt 00:13:03]} Rc8
{[%clk 01:04:17]} {[%emt 00:00:29]} 31. h4 {[%clk 00:58:58]} {[%emt 00:00:19]}
h6 {[%clk 01:02:43]} {[%emt 00:02:04]} 32. h5 {[%clk 00:59:19]} {[%emt
00:00:09]} b5 {[%clk 01:02:40]} {[%emt 00:00:33]} 33. Kg2 {[%clk 00:58:52]}
{[%emt 00:00:57]} Rc4 {[%clk 01:02:39]} {[%emt 00:00:32]} 34. Rxc4 {[%clk
00:56:23]} {[%emt 00:02:59]} bxc4 {[%clk 01:03:03]} {[%emt 00:00:06]} 35. Kf3
{[%clk 00:56:41]} {[%emt 00:00:12]} d5 {[%clk 01:03:15]} {[%emt 00:00:17]} 36.
Ke3 {[%clk 00:56:53]} {[%emt 00:00:19]} c3 {[%clk 01:03:17]} {[%emt 00:00:28]}
37. Kd3 {[%clk 00:57:05]} {[%emt 00:00:17]} d4 {[%clk 01:03:40]} {[%emt
00:00:07]} 38. Kc2 {[%clk 00:57:22]} {[%emt 00:00:13]} 1/2-1/2

[Event "DVM U12 2022"]
[Site "München GER"]
[Date "2022.12.29"]
[Round "5"]
[White "Klein, Levent"]
[Black "Aweh, Mads"]
[Result "1/2-1/2"]
[Termination "normal"]
[Board "3.1"]
[WhiteElo "1584"]
[BlackElo "1477"]
[WhiteClock "00:59:27"]
[BlackClock "00:43:55"]
[WhiteTeam "SG Kaiserslautern 1905"]
[BlackTeam "SSV Vimaria 91 Weimar"]
[PlyCount "63"]
[WhiteFideId "34611274"]
[BlackFideId "34604278"]
[EventCountry "GER"]
[EventRounds "7"]
[EventType "team-swiss"]
[EventDate "2022.12.26"]

1. d4 {[%clk 01:30:56]} {[%emt 00:00:01]} f5 {[%clk 01:28:49]} {[%emt
00:02:12]} 2. e4 {[%clk 01:31:17]} {[%emt 00:00:08]} fxe4 {[%clk 01:27:11]}
{[%emt 00:02:08]} 3. Nc3 {[%clk 01:31:38]} {[%emt 00:00:08]} e6 {[%clk
01:25:03]} {[%emt 00:02:38]} 4. Nxe4 {[%clk 01:30:27]} {[%emt 00:01:41]} Be7
{[%clk 01:24:35]} {[%emt 00:00:59]} 5. Be3 {[%clk 01:24:27]} {[%emt 00:06:30]}
Nf6 {[%clk 01:20:47]} {[%emt 00:04:18]} 6. Nxf6 {[%clk 01:22:31]} {[%emt
00:02:26]} Bxf6 {[%clk 01:21:11]} {[%emt 00:00:06]} 7. Bd3 {[%clk 01:20:52]}
{[%emt 00:02:09]} Qe7 {[%clk 01:19:03]} {[%emt 00:02:38]} 8. c3 {[%clk
01:20:20]} {[%emt 00:01:02]} Qf7 {[%clk 01:12:45]} {[%emt 00:06:48]} 9. Qc2
{[%clk 01:19:35]} {[%emt 00:01:15]} g6 {[%clk 01:12:40]} {[%emt 00:00:35]} 10.
h4 {[%clk 01:19:15]} {[%emt 00:00:50]} Nc6 {[%clk 01:09:21]} {[%emt 00:03:49]}
11. Nf3 {[%clk 01:17:11]} {[%emt 00:02:33]} Ne7 {[%clk 01:06:21]} {[%emt
00:03:31]} 12. O-O-O {[%clk 01:13:33]} {[%emt 00:04:08]} Nf5 {[%clk 01:03:07]}
{[%emt 00:03:44]} 13. g4 {[%clk 01:12:51]} {[%emt 00:01:12]} Nxe3 {[%clk
01:01:48]} {[%emt 00:01:49]} 14. fxe3 {[%clk 01:13:09]} {[%emt 00:00:12]} b6
{[%clk 00:59:15]} {[%emt 00:03:04]} 15. Rdf1 {[%clk 01:12:23]} {[%emt
00:01:15]} Qe7 {[%clk 00:55:51]} {[%emt 00:03:55]} 16. h5 {[%clk 01:09:01]}
{[%emt 00:03:51]} g5 {[%clk 00:54:35]} {[%emt 00:01:46]} 17. Rh2 {[%clk
01:08:35]} {[%emt 00:00:55]} Bb7 {[%clk 00:53:21]} {[%emt 00:01:45]} 18. e4
{[%clk 01:05:23]} {[%emt 00:03:41]} O-O-O {[%clk 00:48:28]} {[%emt 00:05:23]}
19. e5 {[%clk 01:05:15]} {[%emt 00:00:38]} Bg7 {[%clk 00:48:19]} {[%emt
00:00:39]} 20. Bxh7 {[%clk 01:05:26]} {[%emt 00:00:18]} Bxf3 {[%clk 00:47:39]}
{[%emt 00:01:10]} 21. Rxf3 {[%clk 01:05:46]} {[%emt 00:00:10]} Bxe5 {[%clk
00:47:58]} {[%emt 00:00:11]} 22. dxe5 {[%clk 01:05:50]} {[%emt 00:00:25]} Qxh7
{[%clk 00:48:23]} {[%emt 00:00:06]} 23. Qxh7 {[%clk 01:05:59]} {[%emt
00:00:21]} Rxh7 {[%clk 00:48:42]} {[%emt 00:00:11]} 24. Rhf2 {[%clk 01:06:16]}
{[%emt 00:00:13]} Rg7 {[%clk 00:46:00]} {[%emt 00:03:11]} 25. Rf8 {[%clk
01:05:36]} {[%emt 00:01:10]} Rg8 {[%clk 00:45:49]} {[%emt 00:00:42]} 26. Rxd8
{[%clk 01:05:57]} {[%emt 00:00:09]} Kxd8 {[%clk 00:46:12]} {[%emt 00:00:07]}
27. Kd2 {[%clk 01:05:46]} {[%emt 00:00:40]} Ke7 {[%clk 00:45:53]} {[%emt
00:00:50]} 28. Kd3 {[%clk 01:05:44]} {[%emt 00:00:32]} d5 {[%clk 00:45:26]}
{[%emt 00:00:57]} 29. c4 {[%clk 01:00:04]} {[%emt 00:06:10]} c5 {[%clk
00:44:28]} {[%emt 00:01:27]} 30. a3 {[%clk 00:59:46]} {[%emt 00:00:48]} d4
{[%clk 00:43:50]} {[%emt 00:01:08]} 31. b4 {[%clk 00:59:27]} {[%emt 00:00:49]}
Rf8 {[%clk 00:43:55]} {[%emt 00:00:25]} 32. Rxf8 {[%emt 00:04:12]} 1/2-1/2

[Event "DVM U12 2022"]
[Site "München GER"]
[Date "2022.12.29"]
[Round "5"]
[White "Bock, Leonas"]
[Black "Arne, Jonas"]
[Result "1/2-1/2"]
[Termination "normal"]
[Board "3.2"]
[WhiteElo "1284"]
[BlackElo "1394"]
[WhiteClock "00:13:46"]
[BlackClock "00:37:53"]
[WhiteTeam "SSV Vimaria 91 Weimar"]
[BlackTeam "SG Kaiserslautern 1905"]
[PlyCount "52"]
[WhiteFideId "16287118"]
[BlackFideId "34640398"]
[EventCountry "GER"]
[EventRounds "7"]
[EventType "team-swiss"]
[EventDate "2022.12.26"]

1. d4 {[%clk 01:30:56]} {[%emt 00:00:03]} Nf6 {[%clk 01:30:54]} {[%emt
00:00:06]} 2. Nf3 {[%clk 01:31:20]} {[%emt 00:00:06]} g6 {[%clk 01:30:25]}
{[%emt 00:01:00]} 3. Nc3 {[%clk 01:31:33]} {[%emt 00:00:16]} Bg7 {[%clk
01:30:33]} {[%emt 00:00:23]} 4. e4 {[%clk 01:31:29]} {[%emt 00:00:34]} O-O
{[%clk 01:30:55]} {[%emt 00:00:09]} 5. Be3 {[%clk 01:10:53]} {[%emt 00:21:05]}
d6 {[%clk 01:25:10]} {[%emt 00:06:14]} 6. Qd2 {[%clk 01:11:16]} {[%emt
00:00:08]} Re8 {[%clk 01:24:37]} {[%emt 00:01:03]} 7. Bh6 {[%clk 01:08:30]}
{[%emt 00:03:17]} Bh8 {[%clk 01:25:00]} {[%emt 00:00:07]} 8. h3 {[%clk
01:06:17]} {[%emt 00:02:43]} Nc6 {[%clk 01:23:39]} {[%emt 00:01:51]} 9. Be2
{[%clk 00:59:07]} {[%emt 00:07:41]} e5 {[%clk 01:20:47]} {[%emt 00:03:22]} 10.
d5 {[%clk 00:57:32]} {[%emt 00:02:04]} Ne7 {[%clk 01:18:18]} {[%emt 00:02:58]}
11. O-O {[%clk 00:52:03]} {[%emt 00:06:00]} Nd7 {[%clk 01:16:30]} {[%emt
00:02:17]} 12. Be3 {[%clk 00:47:10]} {[%emt 00:05:23]} Nb6 {[%clk 01:15:30]}
{[%emt 00:01:30]} 13. a4 {[%clk 00:38:57]} {[%emt 00:08:44]} a6 {[%clk
01:11:28]} {[%emt 00:04:32]} 14. a5 {[%clk 00:35:05]} {[%emt 00:04:22]} Nd7
{[%clk 01:11:53]} {[%emt 00:00:04]} 15. Na4 {[%clk 00:33:22]} {[%emt 00:02:13]}
f5 {[%clk 01:10:18]} {[%emt 00:02:06]} 16. exf5 {[%clk 00:32:26]} {[%emt
00:01:26]} Nxf5 {[%clk 01:09:56]} {[%emt 00:00:52]} 17. Bg5 {[%clk 00:29:04]}
{[%emt 00:03:51]} Bf6 {[%clk 01:09:16]} {[%emt 00:01:11]} 18. Nc3 {[%clk
00:25:37]} {[%emt 00:03:56]} Bxg5 {[%clk 01:06:25]} {[%emt 00:03:23]} 19. Nxg5
{[%clk 00:25:19]} {[%emt 00:00:48]} Nf6 {[%clk 01:04:38]} {[%emt 00:02:16]} 20.
Nge4 {[%emt 00:00:58]} Nxe4 {[%clk 01:03:18]} {[%emt 00:01:47]} 21. Nxe4 {[%clk
00:25:15]} {[%emt 00:00:08]} Qe7 {[%clk 01:00:57]} {[%emt 00:02:51]} 22. Ra3
{[%clk 00:15:48]} {[%emt 00:09:57]} Rf8 {[%clk 00:56:25]} {[%emt 00:05:03]} 23.
f4 {[%clk 00:13:46]} {[%emt 00:02:33]} Bd7 {[%clk 00:37:53]} {[%emt 00:19:02]}
24. Rb3 {[%emt 00:06:06]} Nd4 {[%emt 00:00:02]} 25. Ra3 Nf5 26. Raa1 {[%emt
00:00:02]} Nd4 {[%emt 00:00:17]} 1/2-1/2